| 000 | 00734nam a22002177a 4500 | ||
|---|---|---|---|
| 005 | 20180803170221.0 | ||
| 008 | 160210b ag ado fr|||| 000 0 spa d | ||
| 020 | _a9789873367144 | ||
| 040 |
_aCO-BoIAVH _cCO-BoIAVH |
||
| 041 | 0 | _aspa | |
| 044 | _aag | ||
| 082 | 0 | 4 |
_a631.45 _bP19a |
| 100 | 1 | _aPanigatti, José Luis | |
| 245 | 1 | 0 |
_aAspectos de la erosión de los suelos en Argentina / _cAsociación Argentina Ciencia del Suelo |
| 260 |
_aArgentina (Buenos Aires) : _bAsociación Argentina Ciencia del Suelo, _c2015. |
||
| 300 |
_a70 páginas : _bIlustraciones, mapas, fotografías ; _c24 x 17 cm. |
||
| 650 | 1 | 6 | _aErosión |
| 650 | 2 | 6 | _aConservación de suelos |
| 662 | _aArgentina | ||
| 942 |
_2ddc _cLIBRO |
||
| 999 |
_c18123 _d18123 |
||